[Event "World op 41st"]
[Site "Arlington"]
[Date "2013.07.04"]
[Round "4"]
[White "Jayakumar, Adarsh"]
[Black "Shabalov, Alexander"]
[Result "1/2-1/2"]
[WhiteElo "2269"]
[BlackElo "2553"]
[PlyCount "123"]
[EventDate "2013.07.01"]
[EventType "swiss"]
[EventRounds "9"]
[EventCountry "USA"]
[SourceTitle "CBM 155 Extra"]
[Source "ChessBase"]
[SourceDate "2013.08.26"]
[SourceVersion "1"]
[SourceVersionDate "2013.08.26"]
[SourceQuality "1"]

1. d4 d6 2. Nf3 Bg4 3. g3 Bxf3 4. exf3 Nf6 5. Bg2 g6 6. 0-0 Bg7 7. c4 c6 8. Nc3 0-0 9. f4 Nbd7 10. Qc2 e6 11. d5 cxd5 12. cxd5 e5 13. fxe5 Nxe5 14. b3 Rc8 15. Bb2 Qa5 16. Rac1 Bh6 17. Rcd1 b5 18. a3 b4 19. axb4 Qxb4 20. Ba1 Rc5 21. Na2 Qb8 22. Qb1 Rfc8 23. Bd4 Rb5 24. Qa1 Rxb3 25. f4 Neg4 26. Bxf6 Nxf6 27. Qxf6 Bg7 28. Qh4 Rb2 29. Nc1 Rcc2 30. Be4 Qb6+ 31. Kh1 Bf6 32. Qh3 Rxh2+ 33. Qxh2 Rxh2+ 34. Kxh2 Qb2+ 35. Kh1 a5 36. Nd3 Qb6 37. Nf2 a4 38. Bb1 a3 39. Ne4 Bb2 40. f5 Qb4 41. Nf2 Qc4 42. Kg2 a2 43. Bxa2 Qxa2 44. Rd2 Qa3 45. fxg6 hxg6 46. Rfd1 Be5 47. Rd3 Qb4 48. R1d2 Kg7 49. Kf3 f5 50. Kg2 g5 51. Rd1 Kg6 52. R3d2 Qc4 53. Rd3 g4 54. R1d2 Kg5 55. Rd1 Qa4 56. Re1 Bd4 57. Red1 Bc5 58. R1d2 f4 59. gxf4+ Qxf4 60. Nxg4 Kxg4 61. Re2 Qc1 62. Rg3+ 1/2-1/2

[Event "Kecskemet Caissa IM 04"]
[Site "Kecskemet"]
[Date "2013.04.28"]
[Round "9"]
[White "Jayakumar, Adarsh"]
[Black "Antal, Tibor Kende"]
[Result "1/2-1/2"]
[WhiteElo "2294"]
[BlackElo "2348"]
[PlyCount "109"]
[EventDate "2013.04.20"]
[EventType "tourn"]
[EventRounds "10"]
[EventCountry "HUN"]
[EventCategory "2"]
[SourceTitle "CBM 154 Extra"]
[Source "ChessBase"]
[SourceDate "2013.06.25"]
[SourceVersion "2"]
[SourceVersionDate "2013.06.25"]
[SourceQuality "1"]

1. d4 d5 2. c4 e6 3. Nc3 c6 4. Nf3 Nf6 5. Bg5 dxc4 6. e4 b5 7. e5 h6 8. Bh4 g5 9. exf6 gxh4 10. Ne5 Qxf6 11. g3 Bb7 12. Bg2 h3 13. Bxh3 Bb4 14. 0-0 Bxc3 15. bxc3 Nd7 16. Nxd7 Kxd7 17. f4 Kc7 18. Qe2 Rhe8 19. Rae1 Rad8 20. f5 exf5 21. Qxe8 Rxe8 22. Rxe8 Bc8 23. Re5 Qd6 24. Bxf5 Bxf5 25. Rexf5 Qa3 26. Rxf7+ Kb6 27. R7f3 Qxa2 28. g4 a5 29. h4 Qd2 30. Rg3 b4 31. g5 hxg5 32. hxg5 bxc3 33. g6 Qxd4+ 34. Kg2 Qe4+ 35. Kg1 Qe5 36. Kg2 Qe2+ 37. Kg1 c2 38. g7 Qxf1+ 39. Kxf1 c1Q+ 40. Kg2 Qd2+ 41. Kf1 Qd1+ 42. Kf2 Qd4+ 43. Kf1 Qf4+ 44. Kg2 Qe4+ 45. Kf2 Qf5+ 46. Kg1 Qb1+ 47. Kf2 Qa2+ 48. Kf3 Qb3+ 49. Kf4 c3 50. g8Q Qb4+ 51. Ke3 Qc5+ 52. Kd3 c2 53. Qb3+ Ka6 54. Qxc2 Qd6+ 55. Ke2 1/2-1/2

[Event "Kecskemet Caissa IM 04"]
[Site "Kecskemet"]
[Date "2013.04.26"]
[Round "7"]
[White "Jayakumar, Adarsh"]
[Black "Meszaros, Andras"]
[Result "0-1"]
[WhiteElo "2294"]
[BlackElo "2247"]
[PlyCount "62"]
[EventDate "2013.04.20"]
[EventType "tourn"]
[EventRounds "10"]
[EventCountry "HUN"]
[EventCategory "2"]
[SourceTitle "CBM 154 Extra"]
[Source "ChessBase"]
[SourceDate "2013.06.25"]
[SourceVersion "2"]
[SourceVersionDate "2013.06.25"]
[SourceQuality "1"]

1. d4 Nf6 2. c4 e6 3. g3 c5 4. d5 exd5 5. cxd5 d6 6. Nf3 g6 7. Bg2 Bg7 8. Nc3 0-0 9. 0-0 Re8 10. Nd2 b6 11. a4 Ba6 12. Nb5 Nbd7 13. Nc4 Bxb5 14. axb5 Ne5 15. Nxe5 Rxe5 16. Qd3 Re8 17. e4 Nd7 18. h3 Ne5 19. Qc2 a5 20. f4 Nd7 21. Bd2 Bd4+ 22. Kh2 Rc8 23. Rab1 c4 24. Bc3 Bxc3 25. bxc3 Rc5 26. e5 dxe5 27. f5 Qe7 28. d6 Qxd6 29. Rfd1 Qc7 30. Bd5 e4 31. Rd4 Nf6 0-1

[Event "Kecskemet Caissa IM 04"]
[Site "Kecskemet"]
[Date "2013.04.22"]
[Round "2"]
[White "Meszaros, Andras"]
[Black "Jayakumar, Adarsh"]
[Result "0-1"]
[WhiteElo "2247"]
[BlackElo "2294"]
[PlyCount "86"]
[EventDate "2013.04.20"]
[EventType "tourn"]
[EventRounds "10"]
[EventCountry "HUN"]
[EventCategory "2"]
[SourceTitle "CBM 154 Extra"]
[Source "ChessBase"]
[SourceDate "2013.06.25"]
[SourceVersion "2"]
[SourceVersionDate "2013.06.25"]
[SourceQuality "1"]

1. d4 d5 2. c4 e6 3. Nf3 c6 4. Nbd2 f5 5. Ne5 Nf6 6. g3 Bd6 7. Nd3 0-0 8. Bg2 b6 9. 0-0 Bb7 10. cxd5 cxd5 11. Nf3 Nc6 12. Bf4 Rc8 13. Bxd6 Qxd6 14. Qd2 Ne4 15. Qf4 Qe7 16. h4 Ba6 17. Rfe1 Nb4 18. Nxb4 Qxb4 19. Qe5 Rfe8 20. Rac1 Qxb2 21. Rxc8 Bxc8 22. Qc7 Qxa2 23. Ne5 Rf8 24. Rc1 Qxe2 25. Bxe4 fxe4 26. Qxc8 Qxf2+ 27. Kh1 Rxc8 28. Rxc8+ Qf8 29. Nc6 a5 30. Rxf8+ Kxf8 31. Kg2 Ke8 32. Kf2 Kd7 33. Ne5+ Kd6 34. Ke2 b5 35. g4 b4 36. Kd2 a4 37. Kc2 a3 38. Kb3 e3 39. Nd3 e2 40. Ka2 Kc6 41. Kb3 Kb6 42. Ka2 h5 43. g5 Kb5 0-1

[Event "Kecskemet Caissa IM 04"]
[Site "Kecskemet"]
[Date "2013.04.20"]
[Round "1"]
[White "Farkas, Tibor"]
[Black "Jayakumar, Adarsh"]
[Result "1/2-1/2"]
[WhiteElo "2245"]
[BlackElo "2294"]
[PlyCount "108"]
[EventDate "2013.04.20"]
[EventType "tourn"]
[EventRounds "10"]
[EventCountry "HUN"]
[EventCategory "2"]
[SourceTitle "CBM 154 Extra"]
[Source "ChessBase"]
[SourceDate "2013.06.25"]
[SourceVersion "2"]
[SourceVersionDate "2013.06.25"]
[SourceQuality "1"]

1. e4 c5 2. Nf3 d6 3. d4 cxd4 4. Qxd4 a6 5. h3 Nc6 6. Qe3 g6 7. c4 Bg7 8. Be2 Nf6 9. Nc3 0-0 10. 0-0 Be6 11. Rd1 Nd7 12. Bd2 Rc8 13. Rac1 Qa5 14. b3 Qc5 15. Nd5 Qxe3 16. Bxe3 Nc5 17. Ng5 h6 18. Nxe6 fxe6 19. Nb6 Rcd8 20. f3 e5 21. Rd2 Kh7 22. Bd1 h5 23. Nd5 Ne6 24. b4 Ned4 25. b5 axb5 26. cxb5 Nxb5 27. Rb2 Nbd4 28. Rxb7 Bh6 29. Bxh6 Kxh6 30. Nxe7 Nxe7 31. Rxe7 Ra8 32. a4 Kg5 33. Rd7 Ra6 34. Rg7 Rxa4 35. Bxa4 Ne2+ 36. Kh2 Nxc1 37. h4+ Kf6 38. Rd7 Ke6 39. Rc7 Nd3 40. Bb3+ Kf6 41. Rd7 Nc5 42. Rxd6+ Ke7 43. Rb6 Nxb3 44. Rxb3 Rc8 45. Kh3 Rc1 46. g4 hxg4+ 47. Kxg4 Rg1+ 48. Kh3 Kf6 49. Kh2 Rc1 50. Rb7 Rd1 51. Rh7 Rb1 52. h5 gxh5 53. Rxh5 Ra1 54. f4 exf4 1/2-1/2

[Event "Budapest FS04 IM"]
[Site "Budapest"]
[Date "2013.04.09"]
[Round "4"]
[White "Jayakumar, Adarsh"]
[Black "Szalanczy, Emil"]
[Result "0-1"]
[WhiteElo "2294"]
[BlackElo "2249"]
[PlyCount "47"]
[EventDate "2013.04.06"]
[EventType "tourn"]
[EventRounds "11"]
[EventCountry "HUN"]
[EventCategory "2"]
[SourceTitle "CBM 154 Extra"]
[Source "ChessBase"]
[SourceDate "2013.06.25"]
[SourceVersion "2"]
[SourceVersionDate "2013.06.25"]
[SourceQuality "1"]

1. d4 Nf6 2. c4 c5 3. d5 g6 4. Nc3 Bg7 5. g3 0-0 6. Bg2 e6 7. Nf3 d6 8. 0-0 Re8 9. Nd2 Nbd7 10. a4 exd5 11. cxd5 Nh5 12. Nce4 Ndf6 13. Nxf6+ Qxf6 14. Ne4 Qe7 15. Bd2 Bf5 16. Nc3 a6 17. a5 Bd7 18. e4 Bd4 19. Qc2 Rac8 20. h3 Nxg3 21. Be3 Nxf1 22. Bxd4 cxd4 23. Rxf1 dxc3 24. bxc3 0-1

[Event "Reykjavik op"]
[Site "Reykjavik"]
[Date "2013.02.22"]
[Round "5"]
[White "Jayakumar, Adarsh"]
[Black "Thorhallsson, Throstur"]
[Result "1-0"]
[WhiteElo "2271"]
[BlackElo "2441"]
[PlyCount "67"]
[EventDate "2013.02.19"]
[EventType "swiss"]
[EventRounds "10"]
[EventCountry "ISL"]
[SourceTitle "CBM 153 Extra"]
[Source "ChessBase"]
[SourceDate "2013.04.22"]
[SourceVersion "1"]
[SourceVersionDate "2013.04.22"]
[SourceQuality "1"]

1. d4 d5 2. c4 dxc4 3. e4 e5 4. Nf3 exd4 5. Bxc4 Bb4+ 6. Nbd2 Nc6 7. 0-0 Qe7 8. Nb3 Bg4 9. Nbxd4 Nxd4 10. Qxd4 f6 11. Bxg8 Rxg8 12. Qd5 Rf8 13. Qxb7 Kf7 14. Bf4 Rfe8 15. Rac1 Rac8 16. a3 Bd6 17. Qd5+ Kf8 18. Bxd6 cxd6 19. Nd2 Rc5 20. Qd4 Rec8 21. Nb3 Re5 22. f3 Rb8 23. Nd2 Be6 24. b4 d5 25. f4 Rh5 26. Rfe1 dxe4 27. Qxe4 Re8 28. Nf3 Qd7 29. Rcd1 Qc7 30. Nd4 Qb6 31. Qc6 Bf7 32. Rxe8+ Bxe8 33. Qxb6 axb6 34. f5 1-0

[Event "Reykjavik op"]
[Site "Reykjavik"]
[Date "2013.02.21"]
[Round "4"]
[White "Esen, Baris"]
[Black "Jayakumar, Adarsh"]
[Result "1/2-1/2"]
[WhiteElo "2565"]
[BlackElo "2271"]
[PlyCount "48"]
[EventDate "2013.02.19"]
[EventType "swiss"]
[EventRounds "10"]
[EventCountry "ISL"]
[SourceTitle "CBM 153 Extra"]
[Source "ChessBase"]
[SourceDate "2013.04.22"]
[SourceVersion "1"]
[SourceVersionDate "2013.04.22"]
[SourceQuality "1"]

1. d4 d5 2. Nf3 c6 3. c4 e6 4. Qc2 Nf6 5. Bg5 Nbd7 6. cxd5 exd5 7. Nc3 Be7 8. e3 0-0 9. Bd3 Re8 10. 0-0 Nf8 11. Rab1 Ne4 12. Bf4 f5 13. Ne5 g5 14. Bg3 Bd6 15. f4 Ng6 16. Ne2 gxf4 17. exf4 Be6 18. Kh1 Qe7 19. Ng1 Rac8 20. Ngf3 Qg7 21. b4 Qh6 22. Kg1 Re7 23. Nxg6 hxg6 24. Ne5 Rh7 1/2-1/2

[Event "Chennai op 5th"]
[Site "Chennai"]
[Date "2013.01.20"]
[Round "8"]
[White "Phadke, Sohan"]
[Black "Jayakumar, Adarsh"]
[Result "1/2-1/2"]
[WhiteElo "2169"]
[BlackElo "2280"]
[PlyCount "66"]
[EventDate "2013.01.16"]
[EventType "swiss"]
[EventRounds "11"]
[EventCountry "IND"]
[SourceTitle "CBM 152 Extra"]
[Source "ChessBase"]
[SourceDate "2013.02.25"]
[SourceVersion "1"]
[SourceVersionDate "2013.02.25"]
[SourceQuality "1"]

1. e4 c5 2. Nf3 d6 3. d4 cxd4 4. Nxd4 Nf6 5. Nc3 a6 6. Bg5 e6 7. f4 Nbd7 8. Qf3 Qc7 9. 0-0-0 b5 10. Bxb5 axb5 11. Ndxb5 Qb6 12. e5 Bb7 13. Qe2 dxe5 14. fxe5 Nd5 15. Nxd5 Bxd5 16. Rxd5 exd5 17. Nd6+ Bxd6 18. exd6+ Kf8 19. Qe7+ Kg8 20. Qxd7 h6 21. Be7 Rxa2 22. Qc8+ Kh7 23. Qf5+ Kg8 24. d7 Qxb2+ 25. Kd2 Qd4+ 26. Ke2 Rxc2+ 27. Qxc2 Qe5+ 28. Kf3 Qxe7 29. Rb1 Qd6 30. Ra1 Qf6+ 31. Kg3 Qg5+ 32. Kf2 Qf6+ 33. Kg3 Qg5+ 1/2-1/2

[Event "Saint Louis SPICE Cup op 6th"]
[Site "Saint Louis"]
[Date "2012.10.18"]
[Round "7"]
[White "Jayakumar, Adarsh"]
[Black "Agrest, Inna"]
[Result "1-0"]
[WhiteElo "2290"]
[BlackElo "2204"]
[PlyCount "69"]
[EventDate "2012.10.16"]
[EventType "swiss"]
[EventRounds "9"]
[EventCountry "USA"]
[SourceTitle "EXT 2013"]
[Source "ChessBase"]
[SourceDate "2012.11.22"]
[SourceVersion "1"]
[SourceVersionDate "2012.11.22"]
[SourceQuality "1"]

1. d4 Nf6 2. c4 g6 3. g3 Bg7 4. Bg2 0-0 5. Nf3 d6 6. Nc3 Nbd7 7. 0-0 e5 8. e4 a6 9. Qc2 exd4 10. Nxd4 Re8 11. Rd1 Rb8 12. h3 c5 13. Nf3 b5 14. Bf4 b4 15. Bxd6 bxc3 16. Bxb8 Qb6 17. Bf4 Qxb2 18. Ne1 Qxc2 19. Nxc2 Nxe4 20. Re1 Bb7 21. Rad1 Nf8 22. Rd3 f5 23. f3 Nf6 24. Rxc3 Rxe1+ 25. Nxe1 Nh5 26. Rb3 Bc6 27. Rb6 Bd7 28. Bd6 Ne6 29. Rxa6 Bd4+ 30. Kh2 f4 31. g4 Nf6 32. Nd3 Ne8 33. Nxf4 Nxd6 34. Rxd6 Bc8 35. Rxe6 1-0

[Event "Los Angeles Metropolitan 22nd"]
[Site "Los Angeles"]
[Date "2012.08.14"]
[Round "1"]
[White "Jayakumar, Adarsh"]
[Black "Gareyev, Timur"]
[Result "0-1"]
[WhiteElo "2292"]
[BlackElo "2658"]
[PlyCount "66"]
[EventDate "2012.08.14"]
[EventType "swiss"]
[EventRounds "9"]
[EventCountry "USA"]
[SourceTitle "CBM 150 Extra"]
[Source "ChessBase"]
[SourceDate "2012.10.19"]
[SourceVersion "1"]
[SourceVersionDate "2012.10.19"]
[SourceQuality "1"]

1. d4 Nf6 2. c4 e6 3. Nf3 b6 4. g3 Ba6 5. Qc2 c5 6. d5 exd5 7. cxd5 Bb7 8. Bg2 Nxd5 9. 0-0 Be7 10. Rd1 Nc6 11. Qf5 Nf6 12. e4 g6 13. Qf4 0-0 14. Nc3 d6 15. Be3 Re8 16. Nb5 Nh5 17. Qh6 Bf8 18. Qg5 Rxe4 19. Qd5 Nf6 20. Qd2 d5 21. Bg5 d4 22. Ne1 Re6 23. Qf4 h6 24. Bxh6 a6 25. Na3 Nd5 26. Qd2 Ne5 27. Bxf8 Qxf8 28. Rac1 Rae8 29. Nf3 Ne3 30. Nxe5 Nxg2 31. Nd3 Qd6 32. Qg5 Qc6 33. Nb4 Qf3 0-1